क्रांति की बारह खड़ी (Record no. 1011401)

MARC details
000 -LEADER
fixed length control field 01070nam a2200265Ia 4500
003 - CONTROL NUMBER IDENTIFIER
control field OSt
005 - DATE AND TIME OF LATEST TRANSACTION
control field 20221005103952.0
008 - FIXED-LENGTH DATA ELEMENTS--GENERAL INFORMATION
fixed length control field 221004b |||||||| |||| 00| 0 hin d
020 ## - INTERNATIONAL STANDARD BOOK NUMBER
International Standard Book Number 9788179171769 (hbk)
037 ## - SOURCE OF ACQUISITION
Terms of availability Textual
040 ## - CATALOGING SOURCE
Original cataloging agency CRL
Transcribing agency CRL
Language of cataloging hin
041 ## - LANGUAGE CODE
Source of code hin
Language code of text/sound track or separate title hin
100 ## - MAIN ENTRY--PERSONAL NAME
Personal name कोज़ोल, जोनाथन, ले.
245 #0 - TITLE STATEMENT
Title क्रांति की बारह खड़ी
Remainder of title क्यूबा के साक्षरता अभियान दास्तान
246 ## - VARYING FORM OF TITLE
Title proper/short title Krāanti kī bārah khaड़ī: kyūbā ke sākṣharatā abhiyān dāstāna
260 ## - PUBLICATION, DISTRIBUTION, ETC.
Place of publication, distribution, etc. दिल्ली
Name of publisher, distributor, etc. ग्रंथ शिल्पी भारत
Date of publication, distribution, etc. 1997
300 ## - PHYSICAL DESCRIPTION
Extent 203पृ0
Dimensions cm.
650 ## - SUBJECT ADDED ENTRY--TOPICAL TERM
Topical term or geographic name entry element क्रांति
942 ## - ADDED ENTRY ELEMENTS (KOHA)
Classification part W81, 152N7
Koha item type Textual
Source of classification or shelving scheme
Holdings
Withdrawn status Lost status Damaged status Not for loan Home library Current library Date acquired Source of acquisition Total Checkouts Full call number Barcode Date last seen Price effective from Koha item type
        Central Library Central Library 2022-10-05 GV719, 09/03/2020, Vani Prakashan   W81 152N7 CL1678603 2022-10-05 2022-10-05 Textual
Copyright @ Delhi University Library System